<?xml version="1.0" encoding="UTF-8"?>
<record
    xmlns:xsi="http://www.w3.org/2001/XMLSchema-instance"
    xsi:schemaLocation="http://www.loc.gov/MARC21/slim http://www.loc.gov/standards/marcxml/schema/MARC21slim.xsd"
    xmlns="http://www.loc.gov/MARC21/slim">

  <leader>02061na  a2200325   4500</leader>
  <controlfield tag="001">22752</controlfield>
  <controlfield tag="003">MIRAKIL</controlfield>
  <controlfield tag="005">20181213154944.0</controlfield>
  <controlfield tag="008">170224b        tu            000 0      </controlfield>
  <datafield tag="035" ind1=" " ind2=" ">
    <subfield code="a">20792</subfield>
  </datafield>
  <datafield tag="040" ind1=" " ind2=" ">
    <subfield code="a">Milas</subfield>
    <subfield code="b">tur</subfield>
    <subfield code="c">TR-AnCHP</subfield>
  </datafield>
  <datafield tag="041" ind1=" " ind2=" ">
    <subfield code="a">tur</subfield>
  </datafield>
  <datafield tag="082" ind1=" " ind2=" ">
    <subfield code="a">CHP 370.9561</subfield>
    <subfield code="b">E35 [2000-</subfield>
  </datafield>
  <datafield tag="090" ind1=" " ind2=" ">
    <subfield code="a">CHP 370.9561 E35 [2000-</subfield>
  </datafield>
  <datafield tag="091" ind1=" " ind2=" ">
    <subfield code="a">E&#x11E;&#x130;T&#x130;M-1</subfield>
  </datafield>
  <datafield tag="245" ind1=" " ind2=" ">
    <subfield code="a">[E&#x11F;itime ili&#x15F;kin CHP politikalar&#x131; ile ilgili &#xE7;e&#x15F;itli belgeler]</subfield>
    <subfield code="c">[haz&#x131;rlayan] CHP </subfield>
  </datafield>
  <datafield tag="440" ind1=" " ind2=" ">
    <subfield code="a">Cumhuriyet Halk Partisi yay&#x131;nlar&#x131;</subfield>
    <subfield code="p">Raporlar</subfield>
  </datafield>
  <datafield tag="505" ind1=" " ind2=" ">
    <subfield code="a">1)E&#x11F;itim sistemi tart&#x131;&#x15F;malar&#x131; CHP ne &#xF6;ng&#xF6;r&#xFC;yor: 1+8+4/ CHP Ara&#x15F;t&#x131;rma, Bilim ve Y&#xF6;netim Platformu politika notlar&#x131;- 2) T&#xFC;rkiye Bilimler Akademisi AKP k&#x131;skac&#x131;nda: T&#xFC;rkiye'de kurumsal ve bilimsel &#xF6;zerkli&#x11F;in tahribat&#x131;/ CHP Ara&#x15F;t&#x131;rma, Bilim ve Y&#xF6;netim Platformu politika notlar&#x131; - 3) CHP iktidar&#x131;nda &#xF6;&#x11F;retmen/ &#x15E;ahin Aybek - 4) Milli E&#x11F;itim Bakan&#x131; H&#xFC;seyin &#xE7;elik y&#xF6;netimindeki Talim ve Terbiye Kurulu Ba&#x15F;kanl&#x131;&#x11F;&#x131; taraf&#x131;ndan &#xE7;&#x131;kar&#x131;lan programlarda ve baz&#x131; ders kitaplar&#x131;na yer alan baz&#x131; s&#xF6;zleri dikkate alarak kitap &#xF6;zeti ve bas&#x131;n toplant&#x131;s&#x131;/Nusret Alperen</subfield>
  </datafield>
  <datafield tag="610" ind1=" " ind2=" ">
    <subfield code="a">CHP</subfield>
    <subfield code="x">Raporlar</subfield>
    <subfield code="y">E&#x11F;itim</subfield>
  </datafield>
  <datafield tag="610" ind1=" " ind2=" ">
    <subfield code="a">CHP</subfield>
    <subfield code="x">E&#x11F;itim sorunlar&#x131;</subfield>
    <subfield code="y">&#xC7;&#xF6;z&#xFC;m &#xF6;nerileri</subfield>
  </datafield>
  <datafield tag="610" ind1=" " ind2=" ">
    <subfield code="a">CHP</subfield>
    <subfield code="x">E&#x11F;itim politikalar&#x131;</subfield>
  </datafield>
  <datafield tag="740" ind1=" " ind2=" ">
    <subfield code="a">Milli E&#x11F;itim Bakan&#x131; H&#xFC;seyin &#xE7;elik y&#xF6;netimindeki Talim ve Terbiye Kurulu Ba&#x15F;kanl&#x131;&#x11F;&#x131; taraf&#x131;ndan &#xE7;&#x131;kar&#x131;lan programlarda ve baz&#x131; ders kitaplar&#x131;na yer alan baz&#x131; s&#xF6;zleri dikkate alarak kitap &#xF6;zeti ve bas&#x131;n toplant&#x131;s&#x131;/Nusret Alperen</subfield>
  </datafield>
  <datafield tag="740" ind1=" " ind2=" ">
    <subfield code="a">CHP iktidar&#x131;nda &#xF6;&#x11F;retmen/ &#x15E;ahin Aybek </subfield>
  </datafield>
  <datafield tag="740" ind1=" " ind2=" ">
    <subfield code="a">T&#xFC;rkiye Bilimler Akademisi AKP k&#x131;skac&#x131;nda: T&#xFC;rkiye'de kurumsal ve bilimsel &#xF6;zerkli&#x11F;in tahribat&#x131;/ CHP Ara&#x15F;t&#x131;rma, Bilim ve Y&#xF6;netim Platformu politika notlar&#x131; </subfield>
  </datafield>
  <datafield tag="740" ind1=" " ind2=" ">
    <subfield code="a">E&#x11F;itim sistemi tart&#x131;&#x15F;malar&#x131; CHP ne &#xF6;ng&#xF6;r&#xFC;yor: 1+8+4/ CHP Ara&#x15F;t&#x131;rma, Bilim ve Y&#xF6;netim Platformu politika notlar&#x131;</subfield>
  </datafield>
  <datafield tag="740" ind1=" " ind2=" ">
    <subfield code="a">CHP e&#x11F;itim politikalar&#x131;</subfield>
  </datafield>
  <datafield tag="830" ind1=" " ind2=" ">
    <subfield code="a">CHP raporlar&#x131;</subfield>
  </datafield>
  <datafield tag="942" ind1=" " ind2=" ">
    <subfield code="2">dcc</subfield>
    <subfield code="c">BKS</subfield>
  </datafield>
  <datafield tag="952" ind1=" " ind2=" ">
    <subfield code="a">0001</subfield>
    <subfield code="b">0001</subfield>
    <subfield code="d">2017-02-24</subfield>
    <subfield code="e">2</subfield>
    <subfield code="l">0</subfield>
    <subfield code="o">CHP 370.9561 E35 [2000-</subfield>
    <subfield code="p">016400</subfield>
    <subfield code="r">2017-02-24 00:00:00</subfield>
    <subfield code="v">0.00</subfield>
    <subfield code="w">2017-02-24</subfield>
    <subfield code="y">BKS</subfield>
  </datafield>
  <datafield tag="952" ind1=" " ind2=" ">
    <subfield code="a">0001</subfield>
    <subfield code="b">0001</subfield>
    <subfield code="d">2017-02-24</subfield>
    <subfield code="e">2</subfield>
    <subfield code="l">0</subfield>
    <subfield code="o">CHP 370.9561 E35 [2000-</subfield>
    <subfield code="p">016401</subfield>
    <subfield code="r">2017-02-24 00:00:00</subfield>
    <subfield code="v">0.00</subfield>
    <subfield code="w">2017-02-24</subfield>
    <subfield code="y">BKS</subfield>
  </datafield>
  <datafield tag="952" ind1=" " ind2=" ">
    <subfield code="a">0001</subfield>
    <subfield code="b">0001</subfield>
    <subfield code="d">2017-02-24</subfield>
    <subfield code="e">2</subfield>
    <subfield code="h">c.2</subfield>
    <subfield code="l">0</subfield>
    <subfield code="o">CHP 370.9561 E35 [2000-</subfield>
    <subfield code="p">016402</subfield>
    <subfield code="r">2017-02-24 00:00:00</subfield>
    <subfield code="v">0.00</subfield>
    <subfield code="w">2017-02-24</subfield>
    <subfield code="y">BKS</subfield>
  </datafield>
  <datafield tag="952" ind1=" " ind2=" ">
    <subfield code="a">0001</subfield>
    <subfield code="b">0001</subfield>
    <subfield code="d">2017-02-24</subfield>
    <subfield code="e">2</subfield>
    <subfield code="h">c.3</subfield>
    <subfield code="l">0</subfield>
    <subfield code="o">CHP 370.9561 E35 [2000-</subfield>
    <subfield code="p">016403</subfield>
    <subfield code="r">2017-02-24 00:00:00</subfield>
    <subfield code="v">0.00</subfield>
    <subfield code="w">2017-02-24</subfield>
    <subfield code="y">BKS</subfield>
  </datafield>
  <datafield tag="999" ind1=" " ind2=" ">
    <subfield code="c">3812</subfield>
    <subfield code="d">3812</subfield>
  </datafield>
</record>
